Savings behavior, investment and rate of return on capital in the United States and Japan : Comparative analysis and perspectives into the 1990s

Gorde:
Xehetasun bibliografikoak
Formatua: Liburua
Hizkuntza:Undetermined
Argitaratua: Tokyo 1989
Gaiak:
Etiketak: Etiketa erantsi
Etiketarik gabe, Izan zaitez lehena erregistro honi etiketa jartzen!
Thư viện lưu trữ: Trung tâm Học liệu Trường Đại học Cần Thơ
LEADER 00522nam a2200169Ia 4500
001 CTU_97339
008 210402s9999 xx 000 0 und d
082 |a 332.6 
082 |b S263 
245 0 |a Savings behavior, investment and rate of return on capital in the United States and Japan : 
245 0 |b Comparative analysis and perspectives into the 1990s 
260 |a Tokyo 
260 |c 1989 
650 |a Japan 
650 |x Investment 
904 |i Tuyến 
980 |a Trung tâm Học liệu Trường Đại học Cần Thơ